| 000 | 01137nas a2200361 4500 | ||
|---|---|---|---|
| 001 | BR0600064 | ||
| 003 | BR-BrBNA | ||
| 005 | 20231205105737.0 | ||
| 007 | ta | ||
| 008 | 230509b bl.|||p| |||| 00| 00por d | ||
| 040 |
_aBR-BrBNA _bpor _cBiblioteca Nacional de Agricultura |
||
| 041 | _a(Pt) | ||
| 072 | _aL20; L52 | ||
| 100 | 1 | _aDahlke, F. | |
| 100 | 1 | _aGonzales, E. | |
| 100 | 1 | _aGadelha, A.C. | |
| 100 | 1 | _aMaiorka, A. | |
| 100 | 1 | _aBorges, S.A. | |
| 100 | 1 | _aRosa, P.S. | |
| 100 | 1 | _aFaria Filho, D.E. | |
| 100 | 1 | _aFurlan, R.L. | |
| 245 | 1 | _aEmpenamento, níveis hormonais de triiodotironina e tiroxina e temperatura corporal de frangos de corte de diferentes genótipos criados em diferentes condições de temperatura | |
| 650 | _aFRANGO DE CORTE | ||
| 650 | _aTIROXINA | ||
| 650 | _aTEMPERATURA DO CORPO | ||
| 650 | _aCONDIÇÃO AMBIENTAL | ||
| 650 | _aCRIAÇÃO | ||
| 650 | _aMÉTODO ESTATÍSTICO | ||
| 650 | _aGANHO DE PESO | ||
| 773 | 0 |
_tCiência Rural (Brazil) _xISSN 0103-8478 _g(May-Jun 2005), v. 35(3) p. 664-670 _wBR0600064 |
|
| 909 |
_a202311 _bLúcia _c55 _dLúcia Elande |
||
| 942 |
_2AGRIS _n0 _cANA |
||
| 999 |
_c184459 _d184459 |
||